| 000 | 00485nam a2200169 4500 | ||
|---|---|---|---|
| 001 | 145313 | ||
| 003 | ES-MaACL | ||
| 005 | 20230906201215.0 | ||
| 007 | t| | ||
| 008 | 070214s1959 sp r ||||1| spa d | ||
| 100 | 1 |
_aSoria Marco, Bonifacio. _9107366 |
|
| 245 | 1 | 0 |
_aMadrid antiguo y moderno / _cBonifacio Soria Marco. |
| 250 | _a1ª ed. | ||
| 260 |
_aMadrid : _bGarcía Enciso, _c1959. |
||
| 300 |
_a604 p., 1 lám. = retr. aut. ; _c21 cm. |
||
| 852 |
_aES-MaACL _jC-16978 _bR.44420 |
||
| 999 |
_c145313 _d145313 |
||